Guess the Thai BL series by the picture #2 - Statistics

General Stats
  • This quiz has been taken 112 times
  • The average score is 7 of 24
Answer Stats
Picture Answer % Correct
my school president
64%
last twilight
61%
we are
54%
between us
51%
jack & joker
47%
never let me go
45%
moonlight chicken
38%
only boo!
36%
star in my mind
36%
goddess bless you from death
34%
only friends
31%
i told sunset about you
26%
love in the air
23%
me and thee
23%
4 minutes
19%
the sign
18%
that summer
16%
shine
15%
enchanté
14%
be my favorite
8%
burnout syndrome
8%
dark blue kiss
7%
manner of death
5%
sunset x vibes
3%
No matching quizzes found
Score Distribution
Percent of People with Each Score
Percentile by Number Answered
Your Score History
You have not taken this quiz